000
00301nam a22001217a 4500
008
180212b xxu||||| |||| 00| 0 eng d
041
_a
eng
080
_a
37
100
_a
47
101
_a
EDU
245
_a
Styles and structures alternative approaches to college writing
_c
Smith,C.K
942
_2
udc
_c
BK
999
_c
42307
_d
42307